Free Boundary Problems, theory and applications : proceedings of the Zakopane conference '95

Αποθηκεύτηκε σε:
Λεπτομέρειες βιβλιογραφικής εγγραφής
Συγγραφή απο Οργανισμό/Αρχή: Free Boundary Problems (International Colloquim : Theory of Applications
Άλλοι συγγραφείς: Niezgodka, M. (Marek) (Επιμελητής έκδοσης), Strzelecki, Pawel (Επιμελητής έκδοσης)
Μορφή: Βιβλίο
Γλώσσα:English
Δημοσίευση: Harlow : Longman, 1996
Σειρά:Pitman research notes in mathematics series ; ; 363
Θέματα:
Ετικέτες: Προσθήκη ετικέτας
Δεν υπάρχουν, Καταχωρήστε ετικέτα πρώτοι!

MARC

LEADER 00000nam a2200000 i 4500
001 1/69641
008 080109s1996 eng d
020 |a 0-582-30593-4 
035 |l 10093468 
040 |a GR-MY-UA  |b gre  |e aacr 
041 0 |a eng 
082 0 |a 515.35  |2 (22) 
110 2 |a Free Boundary Problems (International Colloquim :  |b Theory of Applications. 
245 1 0 |a Free Boundary Problems, theory and applications :  |b proceedings of the Zakopane conference '95 /  |c Marek Niezgodka and Pawel Strzelecki, editors 
260 |a Harlow :   |b Longman,   |c 1996 
300 |a 445 σ.;  |b εικ.;  |c 25 εκ. 
490 1 |a Pitman research notes in mathematics series  |v ; 363 
504 |a Περιέχει βιβλιογραφικές παραπομπές. 
650 0 0 |a Boundary value problems  |x Congresses. 
700 1 |a Niezgodka, M.  |q (Marek)  |4 edt 
700 1 |a Strzelecki, Pawel.  |4 edt 
830 0 |a Pitman research notes in mathematics series ;  |v ; 363 
852 |a INST  |b SAMOS  |e 20080109  |h 515.35 FRE  |p 005300027498  |q 005300027498  |t BK  |y 0 
901 |a BIBL3-2008-1 
909 |a Σ  |b 140340 
922 |a 3ΕΛΗ  |b 200711  |c ΕΠΕΑΕΚ2/ΤΜΗΜΑ ΜΑΘΗΜΑΤΙΚΩΝ  |d ΕΛΕΥΘΕΡΟΥΔΑΚΗΣ 
970 |a ΣΙΤΖΙΜΗ  |b ΓΙΑΣΕΜΗ  |z 2008/01/09